Reforma MMF pod vplyvom finančnej krízy

Medzinárodný menový fond (MMF) od vypuknutia ostatnej finančnej krízy v roku 2007 pristúpil k reforme svojej činnosti, čo v konečnom dôsledku ovplyvnilo svetovú finančnú architektúru. Príspevok analyzuje konkrétne výzvy tejto brettonwoodskej inštitúcie, a to najmä v oblasti dohľadu nad finančným sys...

Full description

Saved in:
Bibliographic Details
Main Author: Kováčová, Jana
Format: Book Chapter
Language:Slovak
Subjects:
Tags: Add Tag
No Tags, Be the first to tag this record!

MARC

LEADER 00000nla a2200000 4500
001 0181149
005 20240502073114.2
041 0 |a slo 
044 |a SK 
245 1 0 |a Reforma MMF pod vplyvom finančnej krízy  |c Jana Kováčová 
520 |a Medzinárodný menový fond (MMF) od vypuknutia ostatnej finančnej krízy v roku 2007 pristúpil k reforme svojej činnosti, čo v konečnom dôsledku ovplyvnilo svetovú finančnú architektúru. Príspevok analyzuje konkrétne výzvy tejto brettonwoodskej inštitúcie, a to najmä v oblasti dohľadu nad finančným systémom a v oblasti finančnej pomoci členským štátom. 
610 2 0 |a Medzinárodný menový fond 
610 2 0 |a kríza 
610 2 0 |a reformy 
100 1 |a Kováčová, Jana